000 01094nam a2200289Ia 4500
005 20220317001149.0
008 160825s2009 ck a g 000 0 spa
020 _a97895804691012
100 1 _aEcheverría, Esteban
_d1805-1851
245 1 3 _aEl matadero
_cEsteban Echeverría
250 _a1a. edición
300 _a26, 57 páginas (En paginación variada)
_bilustraciones
_c20 cm
490 _aCara y cruz
505 _aEl furor del espíritu / Carlos María Domínguez ; Esteban Echeverría / Noé Jitrik ; Citas a propósito de Echeverría y su obra
600 1 4 _aEcheverria, Esteban
_d1805-1851
_xCrítica e interpretación
_967052
650 1 4 _2LEMB
_aCuentos argentinos
_ySiglo XIX
650 1 4 _2LEMB
_aLiteratura argentina
_ySiglo XIX
700 1 _aDomínguez, Carlos María
_967055
700 1 _aJitrik, Noé, 1928-
_967056
942 _2loc
_cBKLIT
264 _aBogotá
_bNorma
_c2009
336 _atexto
_btxt
_2rdacontent
337 _asin mediación
_bn
_2rdamedia
338 _avolumen
_bnc
_2rdacarrier
040 _aCO-BoRNBP
_bspa
_erda
_cCO-BoRNBP
084 _aC ECH1
999 _c6120
_d6120